Southville International School and Colleges
Your cart is empty.
  • Cart
  • Lists
    Public lists Eva Luna New books Lux_list list_1
    Your lists Log in to create your own lists
  • Log in to your account
  • Your cookies
  • Search history
Southville International School and Colleges
  • Advanced search
  • Recent comments
  • Most popular
  • Libraries

Log in to your account

Log in with GOOGLE


If you do not have an external account, but do have a local account, you can still log in:

  1. Home
  2. MARC view: Over 4000 works of literature. /
Normal view MARC view ISBD view

Over 4000 works of literature. / (Record no. 109132)

[ view plain ]
MARC details
000 -LEADER
fixed length control field 00687nam a2200169 a 4500
005 - DATE AND TIME OF LATEST TRANSACTION
control field 20140414093838.0
008 - FIXED-LENGTH DATA ELEMENTS--GENERAL INFORMATION
fixed length control field 070817s19uu xx 00 eng d
050 ## - LIBRARY OF CONGRESS CALL NUMBER
Classification number CDR 800
Item number OVE 2002
245 ## - TITLE STATEMENT
Title Over 4000 works of literature. /
Statement of responsibility, etc Eureka Multimedia.
260 ## - PUBLICATION, DISTRIBUTION, ETC. (IMPRINT)
Date of publication, distribution, etc c2000.
Place of publication, distribution, etc Sl :
Name of publisher, distributor, etc Nodtronics,
300 ## - PHYSICAL DESCRIPTION
Extent 1CD-Rom
520 ## - SUMMARY, ETC.
Summary, etc Contents: an interactive Cd-rom which contains over 4000 complete works by great authors from all over the world including Australia. There are novels, plays, poetry, short stories, sacred texts, essays, the complete King James Bible, plus much more.
650 ## - SUBJECT ADDED ENTRY--TOPICAL TERM
Topical term or geographic name as entry element Literature.
650 ## - SUBJECT ADDED ENTRY--TOPICAL TERM
Topical term or geographic name as entry element Literature
General subdivision interactive.
942 ## - ADDED ENTRY ELEMENTS (KOHA)
Koha item type Audio Visual Materials
Holdings
Withdrawn status Lost status Damaged status Use restrictions Home library Current library Shelving location Date acquired Source of acquisition Total Checkouts Full call number Barcode Date last seen Price effective from Koha item type
        Luxembourg Library Luxembourg Library Audio Visual Material Section 08/17/2007     CDR 800 OVE 2002 AV0744 04/14/2014 04/14/2014 Audio Visual Materials

Over 4000 works of literature. /

APA

(2000). Over 4000 works of literature. Sl: Nodtronics.

Chicago

2000. Over 4000 works of literature. Sl: Nodtronics.

Harvard

(2000). Over 4000 works of literature. Sl: Nodtronics.

MLA

Over 4000 works of literature. Sl: Nodtronics. 2000.

  • Place hold
  • Print
  • Cite
  • Add to your cart (remove)
  • Save record
    BIBTEX Dublin Core MARCXML MARC (non-Unicode/MARC-8) MARC (Unicode/UTF-8) MARC (Unicode/UTF-8, Standard) MODS (XML) RIS
  • More searches
    Search for this title in:
    Other Libraries (WorldCat) Other Databases (Google Scholar) Online Stores (Bookfinder.com) Open Library (openlibrary.org)

Exporting to Dublin Core...

SOUTHVILLE LIBRARY

Southville International School and Colleges Library

1281 Tropical Ave. Cor. Luxembourg St., BF Homes International, Las Pinas City

Tel. No. 8256374 / 252358 Loc. 117/146

Powered by Koha